00533nam a2200193 a 4500001001300000003000900013005001700022008004100039020001000080082001500090100001600105245003600121260002300157300000900180500003500189505006400224650003500288700001600323nice12345678IN_TiNIC20260116011844.0050524s1952 lona grp 000 0 eng  ac10000a268.6bPEA aPeason, E M aChristian Faith and Way of Life aLondonbSpckc1952 a172p aincludes index and biblioraphy2 a2.khuda ka faisla, 3.dawat qaum,4.maktub arabi banam ulema. aChristian Education & Training1 aPeason, E M